Central Library OPAC University of Rajshahi

Covering Islam : (Record no. 77453)

MARC details
000 -LEADER
fixed length control field 00967cam a2200301 a 4500
001 - CONTROL NUMBER
control field 77453
003 - CONTROL NUMBER IDENTIFIER
rucl marc code BD-RjUL
005 - DATE AND TIME OF LATEST TRANSACTION
control field 20211209082955.0
008 - FIXED-LENGTH DATA ELEMENTS--GENERAL INFORMATION
fixed length control field 200920s1997 nyu b 001 0 eng d
020 ## - INTERNATIONAL STANDARD BOOK NUMBER
International Standard Book Number 0679758909 (Vintage)
035 ## - SYSTEM CONTROL NUMBER
System control number (BD-RjUL)
040 ## - CATALOGING SOURCE
Original cataloging agency DLC
Transcribing agency DLC
Modifying agency DLC
Language of cataloging eng
041 ## - LANGUAGE CODE
Language code of text/sound track or separate title eng
043 ## - GEOGRAPHIC AREA CODE
Geographic area code e------
-- n-us---
082 00 - DEWEY DECIMAL CLASSIFICATION NUMBER
Classification number 909.097671
Edition number 21
Author mark and year SAC 1997
100 1# - MAIN ENTRY--PERSONAL NAME
Personal name Said, Edward W.
9 (RLIN) 241463
245 10 - TITLE STATEMENT
Title Covering Islam :
Remainder of title how the media and the experts determine how we see the rest of the world /
Statement of responsibility, etc. Edward W. Said.
250 ## - EDITION STATEMENT
Edition statement Rev. ed., 1st Vintage Books ed.
260 ## - PUBLICATION, DISTRIBUTION, ETC. (IMPRINT)
Place of publication, distribution, etc. New York :
Name of publisher, distributor, etc. Vintage Books,
Date of publication, distribution, etc. 1997.
300 ## - PHYSICAL DESCRIPTION
Pagination lxx, 200 p. ;
Size 21 cm.
504 ## - BIBLIOGRAPHY, ETC. NOTE
Bibliography, etc Includes bibliographical references and index.
650 #0 - SUBJECT ADDED ENTRY--TOPICAL TERM
Topical term or geographic name as entry element Islam
General subdivision Public opinion.
9 (RLIN) 241464
Topical term or geographic name as entry element Public opinion
Geographic subdivision United States.
9 (RLIN) 241465
Topical term or geographic name as entry element Public opinion
Geographic subdivision Europe.
9 (RLIN) 241466
942 ## - ADDED ENTRY ELEMENTS (KOHA)
Source of classification or shelving scheme Dewey Decimal Classification
Koha item type Books
Holdings
Lost status Source of classification or shelving scheme Damaged status Not for loan Permanent Location Current Location Shelving location Date acquired Source of acquisition Cost, normal purchase price Total Checkouts Full call number Date last seen Copy number Koha item type
  Dewey Decimal Classification   Not For Loan Central Library, University of Rajshahi Central Library, University of Rajshahi Reading Room 20/02/2020 American Center Library, Dhaka 14.00   909.097671 SAC 1997 20/09/2020 C-1 Books